00000000nas 2200000zi 4500
0019.903544
003CaOODSP
00520250908105313
006m     o  d f      
007cr cn ||||||||
008210922c20219999oncar p o    f0    0eng|d
022 |y2561-2875
040 |aCaOODSP|beng|erda|cCaOODSP
043 |an-cn---
0861 |aA1-35E-PDF
1101 |aCanada. |bAgriculture and Agri-Food Canada, |eauthor, |eissuing body.
24510|aAgriculture and Agri-Food Canada's ... departmental sustainable development strategy report.
24637|a... departmental sustainable development strategy report
264 1|a[Ottawa] : |bAgriculture and Agri-Food Canada = Agriculture et agroalimentaire Canada, |c[2022]-
310 |aAnnual
336 |atext|btxt|2rdacontent
337 |acomputer|bc|2rdamedia
338 |aonline resource|bcr|2rdacarrier
3621 |aBegan with: 2020/2021.
500 |aIssued also in French under title: Rapport sur la stratégie ministérielle de développement durable de ... d'Agriculture et agroalimentaire Canada.
520 |a"This report on progress supports the commitment in the Federal Sustainable Development Act (FSDA) to make sustainable development decision-making more transparent and accountable to Parliament. It also contributes to an integrated, whole-of-government view of activities supporting environmental sustainability."--2020-21, p. 1.
588 |aDescription based on: 2020/2021.
588 |aLatest issue consulted: 2020/2021.
61010|aCanada. |bAgriculture and Agri-Food Canada|vPeriodicals.
650 0|aSustainable development|xGovernment policy|zCanada|vPeriodicals.
655 7|aPeriodicals|2lcgft
77508|tRapport sur la stratégie ministérielle de développement durable de ... d'Agriculture et agroalimentaire Canada.|w(CaOODSP)9.903545